000 00328nam a22001337a 4500
008 170424b xxu||||| |||| 00| 0 eng d
020 _a9780471059066
041 _aeng
080 _29TH
_a54
100 _a12
101 _aSHM
245 _aELEMENTS OF GENERAL, ORGANIC, AND BIOLOGICAL CHEMISTRY
_cHOLUM, J.R
942 _2udc
_cBK
999 _c11609
_d11609